000 00639nam0a22002411 4500
001 RU\NLR\INFOCOMM\LIB\20817
005 20250617205313.0
035 _a(NLR Aleph) 004291154
090 _a2478472
_c2478472
100 _a20021010d1842 |||y0rusy50 ca
101 0 _afin
102 _aRU
105 _ay ||||000ay
200 1 _aWoimallinen Kehoitus Uskolliseen Rukoukseen
_fKristian Scriwer
210 _aPietari
_d1842
215 _d
700 1 _aSkriwer
_bC.
_f1629-1693
_gChristian
_4070
801 1 _aRU
_bInfoComm
_c20021010
801 0 _aRU
_bNLR
_gPSBO
852 _aNLR
_b26.XXIII.557
942 _cBOOK
980 _aNB